Hoạt động khuyến nông Việt Nam ý nghĩa chính trị - xã hội /

保存先:
書誌詳細
その他の著者: Phan Thanh Khôi (chủ biên.)
フォーマット: Sách giấy
言語:Vietnamese
出版事項: H. : Lý luận chính trị, 2006.
主題:
タグ: タグ追加
タグなし, このレコードへの初めてのタグを付けませんか!
Thư viện lưu trữ: Thư viện Trường Đại học Đà Lạt
LEADER 00822nam a2200301 4500
001 DLU080061578
005 ##20080103
040 # # |a DLU  |b vie 
041 # # |a vie 
044 # # |a vn 
082 # # |a 338.16  |b Hoa 
245 # # |a Hoạt động khuyến nông Việt Nam ý nghĩa chính trị - xã hội /  |c Phan Thanh Khôi chủ biên. 
260 # # |a H. :  |b Lý luận chính trị,  |c 2006. 
300 # # |a 167 tr. ;  |c 21 cm. 
504 # # |a Danh mục tài liệu tham khảo: tr.163-166. 
653 # # |a Khuyến nông 
653 # # |a Phát triển nông thôn 
700 # # |a Phan Thanh Khôi,  |e chủ biên. 
923 # # |a 24/2007 
992 # # |a 20000 
994 # # |a DLU 
900 # # |a True 
911 # # |a Nguyễn Thanh Hương 
925 # # |a G 
926 # # |a A 
927 # # |a SH 
980 # # |a Thư viện Trường Đại học Đà Lạt